000
00227 a2200085 4500
020
_a
9783836536356
100
_a
Philip Jodidio
245
_a
Zaha Hadid 1950-2016: The Explosion Reforming Space
260
_b
Taschen America Ll
_c
2016
999
_c
13392
_d
13392